Statistics for Which islands are in these continents?

Click here to take the quiz!

General Stats

  • This quiz has been taken 23 times
    (8 since last reset)
  • The average score is 83 of 96

Answer Stats

QuestionTileSelect% Correct
AfricaArubaNo
100%
OceaniaBaffin IslandNo
100%
North AmericaBahrainNo
100%
AsiaBaliYes
100%
OceaniaBermudaNo
100%
AsiaBorneoYes
100%
AsiaCorsicaNo
100%
AsiaCreteNo
100%
OceaniaCubaNo
100%
OceaniaCyprusNo
100%
AsiaDevonNo
100%
North AmericaDominicaYes
100%
OceaniaEllesmere IslandNo
100%
North AmericaFynNo
100%
AsiaGotlandNo
100%
EuropeGreat BritainYes
100%
North AmericaHalmaheraNo
100%
AsiaHispaniolaNo
100%
EuropeHokkaidoNo
100%
AsiaHonshuYes
100%
EuropeIbizaYes
100%
South AmericaIceland (Main island)No
100%
North AmericaIrelandNo
100%
AfricaJamaicaNo
100%
EuropeJejuNo
100%
South AmericaJerseyNo
100%
South AmericaKyushuNo
100%
AsiaLong IslandNo
100%
AsiaLuzonYes
100%
AfricaMadagascar (Main island)Yes
100%
North AmericaMajorcaNo
100%
AfricaMaltaNo
100%
North AmericaManhattanYes
100%
North AmericaMilosNo
100%
AfricaMindanaoNo
100%
EuropeMykonosYes
100%
OceaniaNauruYes
100%
AfricaNewfoundlandNo
100%
OceaniaNew GuineaYes
100%
South AmericaPhuketNo
100%
EuropePrince Edward IslandNo
100%
North AmericaPuerto RicoYes
100%
EuropeReunionNo
100%
AfricaSaint MartinNo
100%
EuropeSao TomeNo
100%
OceaniaSardiniaNo
100%
North AmericaSavai'iNo
100%
EuropeSicilyYes
100%
EuropeSumatraNo
100%
OceaniaTaiwanNo
100%
EuropeTasmaniaNo
100%
AsiaTristan da CunhaNo
100%
EuropeVancouver IslandNo
100%
North AmericaYuzhnyNo
100%
North AmericaAlcatrazYes
88%
South AmericaEast FalklandYes
88%
EuropeGuernseyYes
88%
AsiaHainanYes
88%
EuropeIsla Grande de Tierra del FuegoNo
88%
South AmericaJan MayenNo
88%
South AmericaKrakatoaNo
88%
North AmericaMartiniqueYes
88%
AsiaMauiNo
88%
South AmericaNegrosNo
88%
OceaniaNorth IslandYes
88%
AfricaPrincipeYes
88%
EuropeRhodesYes
88%
North AmericaSevernyNo
88%
OceaniaSouth IslandYes
88%
AfricaSulawesiNo
88%
South AmericaWest FalklandYes
88%
EuropeZealandYes
88%
AfricaBiokoYes
75%
South AmericaMenorcaNo
75%
North AmericaNantucketYes
75%
North AmericaNevisYes
75%
AfricaQeshmNo
75%
AsiaSakhalinYes
75%
AfricaTenerifeYes
75%
South AmericaCuracaoYes
63%
South AmericaIsla IsabelaYes
63%
AfricaLeyteNo
63%
AfricaMaheYes
63%
OceaniaNew BritainYes
63%
AsiaPalawanYes
63%
OceaniaPanayNo
63%
AsiaSocotraNo
63%
OceaniaViti LevuYes
63%
South AmericaEaster IslandYes
50%
South AmericaGuadalcanalNo
50%
AfricaUngujaYes
50%
OceaniaTimorNo
38%
OceaniaCape Barren IslandYes
25%
South AmericaChiloeYes
25%
South AmericaTobagoYes
13%
AfricaPraslinYes
0%

Score Distribution

Percentile by Number Answered

Percent of People with Each Score

Your Score History

You have not taken this quiz since the last reset